000 00863nam a22002537a 4500
001 BR8702703
003 BR-BrBNA
005 20230928092526.0
007 ta
008 230509b bl.||||| |||| 00| 0 por d
040 _aBR-BrBNA
_bpor
_cBiblioteca Nacional de Agricultura
041 _a(Por)
072 _aF01
_b/G514
090 _ F01 BR8702703
110 1 _aComissao de Desenvolvimento do Vale do Jequitinhonha, Belo Horizonte, MG (Brasil)
_91974
245 1 _aProjeto Piloto de diversificacao agricola em vinte e cinco municipios do Vale do Jequitinhonha [Minas Gerais]
260 3 _aBelo Horizonte, MG (Brasil):
_c1977.
300 _a15 p.
500 _a(*) Documento disponível no(a) CODEVALE, Belo Horizonte, MG (Brazil)
650 _aDIVERSIFICACAO DE CULTURA
650 _aMINAS GERAIS
909 _a202309
_bLucia
_c55
_dLucia Elande
942 _cBK
999 _c39598
_d39598